[Event "SWE AM2001"]
[Site "Sweden"]
[Date "2001.??.??"]
[Round "9"]
[White "Bjorklund, Thomas"]
[Black "Prica, Nicola"]
[Result "1-0"]
[WhiteElo "1816"]
[BlackElo "1300"]
[PlyCount "79"]
[EventDate "2001.??.??"]
[EventType "tourn"]
[EventRounds "15"]
[EventCountry "SWE"]
[SourceTitle "EXT 2003"]
[Source "ChessBase"]
[SourceDate "2002.11.25"]
[SourceVersion "1"]
[SourceVersionDate "2002.11.25"]
[SourceQuality "1"]

1. e4 b6 2. d4 Ba6 3. Bxa6 Nxa6 4. Nf3 Qc8 5. c3 Qb7 6. Qe2 Nb8 7. 0-0 Nf6 8. e5 Qe4 9. Qxe4 Nxe4 10. Re1 d5 11. exd6 Nxd6 12. Bf4 e6 13. d5 Kd7 14. dxe6+ fxe6 15. Ng5 Nc6 16. Nxe6 Re8 17. Nxf8+ Rhxf8 18. Be3 Ne5 19. Nd2 Nd3 20. Reb1 Kc8 21. Nf3 Nc4 22. Bd4 c5 23. Bxg7 Rg8 24. Bh6 Rg6 25. Bg5 Rf8 26. b3 Na3 27. Rd1 Rxf3 28. gxf3 Rxg5+ 29. Kf1 Nf4 30. Rd6 Nb5 31. Rh6 Nxc3 32. Rxh7 Ncd5 33. Re1 Nf6 34. Rf7 Rg6 35. Ree7 N4d5 36. Rxa7 Kb8 37. Ra4 Rh6 38. h4 Rxh4 39. Rxh4 Kc8 40. Rh8+ 1-0

[Event "SWE AM2001"]
[Site "Sweden"]
[Date "2001.??.??"]
[Round "7"]
[White "Friborg, Johan"]
[Black "Prica, Nicola"]
[Result "1-0"]
[WhiteElo "1406"]
[BlackElo "1300"]
[PlyCount "97"]
[EventDate "2001.??.??"]
[EventType "tourn"]
[EventRounds "15"]
[EventCountry "SWE"]
[SourceTitle "EXT 2003"]
[Source "ChessBase"]
[SourceDate "2002.11.25"]
[SourceVersion "1"]
[SourceVersionDate "2002.11.25"]
[SourceQuality "1"]

1. d4 d5 2. Nf3 Bg4 3. e3 Nc6 4. Be2 Bxf3 5. Bxf3 Nf6 6. Nc3 e6 7. 0-0 Bb4 8. Qd3 Qe7 9. Bd2 Bxc3 10. Bxc3 0-0 11. b4 a5 12. a3 axb4 13. axb4 Rxa1 14. Rxa1 Nxb4 15. Qb5 Nc6 16. Qxb7 Qd7 17. Ra8 Rxa8 18. Qxa8+ Ne8 19. Be2 Ne7 20. Bb4 f6 21. Qb7 Kf7 22. Bb5 Qd8 23. Qa7 Kg6 24. Bxe8+ Qxe8 25. Qc5 Nf5 26. h3 Qd7 27. Ba5 c6 28. c4 Qb7 29. cxd5 cxd5 30. Bb6 Qa6 31. Ba5 Qe2 32. Qc1 Nh4 33. Be1 h5 34. Bb4 Nf5 35. Qb1 h4 36. Qb3 Kh6 37. Qb1 Qc4 38. Qb2 Qd3 39. Bc5 Qd1+ 40. Kh2 Qe1 41. Bb4 Qf1 42. Qd2 g5 43. Qe1 Qc4 44. Ba5 Qd3 45. Bc7 Qc4 46. Bb8 Qc8 47. Qb1 Kh5 48. f4 Nxe3 49. Qh7# 1-0

[Event "SWE AM2001"]
[Site "Sweden"]
[Date "2001.??.??"]
[Round "10"]
[White "Heikkinen, Mikael"]
[Black "Prica, Nicola"]
[Result "1-0"]
[WhiteElo "1491"]
[BlackElo "1300"]
[PlyCount "77"]
[EventDate "2001.??.??"]
[EventType "tourn"]
[EventRounds "15"]
[EventCountry "SWE"]
[SourceTitle "EXT 2003"]
[Source "ChessBase"]
[SourceDate "2002.11.25"]
[SourceVersion "1"]
[SourceVersionDate "2002.11.25"]
[SourceQuality "1"]

1. e4 e5 2. Bc4 Nf6 3. d3 Bc5 4. Nf3 Nc6 5. c3 h6 6. b4 Bd6 7. 0-0 a6 8. a4 b5 9. axb5 Ne7 10. bxa6 c5 11. b5 Qb6 12. h3 0-0 13. Be3 Bc7 14. Qb3 d5 15. exd5 Nexd5 16. Bxd5 Nxd5 17. Qxd5 Be6 18. Qxc5 Qb8 19. a7 Qd8 20. b6 Bd6 21. Qc6 e4 22. dxe4 Rc8 23. a8Q Bxh3 24. Qaxc8 Bxc8 25. Rd1 Bh2+ 26. Kxh2 Qxd1 27. Ra8 Bd7 28. Rxf8+ Kxf8 29. Qa8+ Ke7 30. Bc5+ Kf6 31. Qd8+ Kg6 32. Nbd2 Qa4 33. Bd4 Qc6 34. Ne5+ Kh7 35. Nxc6 Bxc6 36. Qe7 f6 37. Bxf6 Kg6 38. Qxg7+ Kh5 39. g4# 1-0

[Event "SWE AM2001"]
[Site "Sweden"]
[Date "2001.??.??"]
[Round "13"]
[White "Prica, Nicola"]
[Black "Jonsson, Sverrir"]
[Result "0-1"]
[WhiteElo "1300"]
[BlackElo "1823"]
[PlyCount "130"]
[EventDate "2001.??.??"]
[EventType "tourn"]
[EventRounds "15"]
[EventCountry "SWE"]
[SourceTitle "EXT 2003"]
[Source "ChessBase"]
[SourceDate "2002.11.25"]
[SourceVersion "1"]
[SourceVersionDate "2002.11.25"]
[SourceQuality "1"]

1. b3 e5 2. Bb2 Nc6 3. e4 Bc5 4. Bb5 Qh4 5. Qf3 d6 6. h3 Nf6 7. Bxc6+ bxc6 8. d3 Ng4 9. g3 Qh6 10. hxg4 Bxg4 11. Rxh6 Bxf3 12. Rh2 Bg4 13. Nd2 h5 14. c3 d5 15. b4 Bd6 16. f3 Be6 17. exd5 cxd5 18. c4 Bxb4 19. cxd5 Bxd5 20. a3 Bd6 21. Ne4 Rb8 22. Nxd6+ cxd6 23. f4 f6 24. fxe5 dxe5 25. Bc3 Kf7 26. Rb2 Rbd8 27. Ba5 Rd7 28. Bc3 Rc8 29. Bd2 Be6 30. Ke2 Rcd8 31. Ba5 Bg4+ 32. Kf2 Rc8 33. Rd2 Rd5 34. Bb4 a5 35. Bxa5 Rxa5 36. Raa2 Rc3 37. Ne2 Rcxa3 38. Rxa3 Rxa3 39. Ke3 Ke6 40. Rc2 Bxe2 41. Kxe2 Kd5 42. Ke3 e4 43. Rd2 Rxd3+ 44. Rxd3+ exd3 45. Kxd3 Ke5 46. Ke2 Ke4 47. Kf2 g5 48. Kg2 Ke3 49. Kh3 Kf3 50. Kh2 g4 51. Kg1 Kxg3 52. Kh1 h4 53. Kg1 f5 54. Kh1 f4 55. Kg1 f3 56. Kf1 f2 57. Ke2 Kg2 58. Ke3 f1Q 59. Ke4 Qd1 60. Kf4 Qd5 61. Kxg4 Kf2 62. Kxh4 Qg8 63. Kh5 Kf3 64. Kh6 Kf4 65. Kh5 Qh7# 0-1

[Event "SWE AM2001"]
[Site "Sweden"]
[Date "2001.??.??"]
[Round "6"]
[White "Prica, Nicola"]
[Black "Wengholm, Anders"]
[Result "0-1"]
[WhiteElo "1300"]
[BlackElo "2274"]
[PlyCount "88"]
[EventDate "2001.??.??"]
[EventType "tourn"]
[EventRounds "15"]
[EventCountry "SWE"]
[SourceTitle "EXT 2003"]
[Source "ChessBase"]
[SourceDate "2002.11.25"]
[SourceVersion "1"]
[SourceVersionDate "2002.11.25"]
[SourceQuality "1"]

1. e4 c5 2. Qf3 Nc6 3. a3 Nf6 4. c3 a6 5. h3 g6 6. d3 Bg7 7. Bg5 0-0 8. Bxf6 Bxf6 9. h4 h5 10. g4 Ne5 11. Qg2 Nxg4 12. Be2 d6 13. Nd2 Qb6 14. Nc4 Qc7 15. Bxg4 Bxg4 16. f3 Be6 17. Nh3 d5 18. Ne3 d4 19. cxd4 cxd4 20. Nd5 Bxd5 21. exd5 Qa5+ 22. Qd2 Qxd5 23. Rf1 Qe6+ 24. Qe2 Qxh3 25. Kd1 Rac8 26. Rc1 Bxh4 27. Rxc8 Rxc8 28. f4 Qe3 29. Qxe3 dxe3 30. Ke2 Bf2 31. Kf3 Kg7 32. b4 h4 33. a4 h3 34. Rh1 Rh8 35. b5 axb5 36. axb5 h2 37. d4 Bg1 38. d5 Ra8 39. Ke2 Ra2+ 40. Kf3 e2 41. Kg4 e1Q 42. f5 Rg2+ 43. Kf3 Rg3+ 44. Kf4 Qe3# 0-1